00835 2200289 4500001002100000005001700021008004100038020002200079035002400101040001200125082001200137084001800149100002400167245009600191250001000287260003300297300004000330500003100370650002400401700002000425850001200445990001800457990001800475990001800493990001700511990001700528INLIS00000000001093620160907093530.0  a978-602-255-763-0 0010-081500000002374 aYOPDYOG a297.261 a297.261 Kha U aKHALIFI ELYAS BAHAR aUntuk apa hidup kalau hanya numpang ngeluh?c/ Khalifi Elyas Bahar ; editor AH. Zain Malik. aCet.1 aYogyakartabDiva Pressc2014 a224 hlm.b: ilus.c; 20 cm [3 eks.] aBibliografi : hlm. 218-221 aIslam dan psikologi aZain Malik, AH. aYOPDYOG a19806-PD/B.15 a19807-PD/B.15 a19808-PD/B.15 a3545-KS/B.15 a3546-KS/B.15